000
00301nam a22001337a 4500
003
SGT
020
_a
9781138367623
082
_a
615
_b
NAS
100
_a
NASH ROBERT A
245
_a
PHARMACEUTICAL PROCESS VALIDATION
260
_a
NEW YORK
_b
CRC PRESS PUB
_c
2025
300
_a
860
942
_2
ddc
_c
BK
999
_c
34497
_d
34497